00536nam a22002057a 450000500170000001000110001702000100002803500110003803700160004904000120006508200130007710000160009024500690010625000110017526000340018627000300022030000310025065000310028165000180031220170124110146.0 a184816 c00.00 a184816 bCen Lib/Ret aDPLbEN a711bSEL aSelf, Peter aCities in flood :cby Peter Selfbthe problems of Urban growth / a2nd ed aLondonbFaber and Faberc1961 a24 Russell SquarebLondon axx,189p. :c21cm(Hb)bill. aCities and towns -- Growth aCity planning